{"text_format":"3","workbook":"xlsx","n_sheets":4,"sheets":["8 кл","9 кл","10 кл","11 кл"],"not_rendered":{"defined_names":4},"read":"whole","date_system":"1900"}

{"sheet":"8 кл","index":0,"n_rows":22,"n_cols":15,"rows_kept":22,"merged":[[0,0,0,14]]}
["Протокол по итогам муниципального этапа ВсОШ по предмету \"Право\" Нижнекамского муниципального района 2021-2022 учебный год"]
["№","Фамилия","Имя","Отчество","Пол","Участник с ОВЗ (да/нет)","Класс обучения","Класс участия","Балл","Добавлено баллов по итогам апелляции","Итоговый балл","Максимальный балл","Статус","Призёр республиканского этапа прошлого года","ФИО учителя"]
[1,"Шакуров","Айзат","Рифатович","М","нет",8,8,52,null,null,100,null,"нет","Ильясов Айнур Ильясович"]
[2,"Киямутдинов","Камиль","Айратович","М","нет",8,8,45,null,null,100,null,"нет","Ильясов Айнур Ильясович"]
[3,"Хабибуллин","Руслан","Германович","М","нет",7,8,37,null,null,100,null,"нет","Ильясов Айнур Ильясович"]
[4,"Маринина","Вероника","Андреевна","Ж","нет",8,8,27,null,null,100,null,"нет","Адиатова Ольга Николаевна"]
[5,"Смолянинов","Алексей","Викторович","М","нет",8,8,25,null,null,100,null,"нет","Гиждеван Е.А."]
[6,"Натуралов","Станислав","Викторович","М","нет",8,8,24,null,null,100,null,"нет","Кириллова Юлия Анатольевна"]
[7,"Минеев","Денис","Александрович","М","нет",8,8,22,null,null,100,null,"нет","Жумагалеева Вероника Жундыгалеевна"]
[8,"Шульга","Марсель","Луисович","М","нет",8,8,20,null,null,100,null,"нет","Гиждеван Е.А."]
[9,"Гарипов","Камиль","Ильгамович","М","нет",8,8,19,null,null,100,null,"нет","Мингазова Елена Викторовна"]
[10,"Фатыхов","Камиль","Ленарович","М","нет",7,8,18,null,null,100,null,"нет","Ильясов Айнур Ильясович"]
[11,"Галеев","Булат","Ренатович","Ж","нет",8,8,17,null,null,100,null,"нет","Валиева Елена Анатольевна"]
[12,"Мифтахова","Виктория","Владиславовна","Ж","нет",8,8,17,null,null,100,null,"нет","Салихова Екатерина Александровна"]
[13,"Акулинин","Александр","Сергеевич","М","нет",7,8,16,null,null,100,null,"нет","Ильясов Айнур Ильясович"]
[14,"Николаева","Софья","Сергеевна","Ж","нет",8,8,16,null,null,100,null,"нет","Гиждеван Е.А."]
[15,"Джавадов","Тимофей","Динарович","М","нет",8,8,15,null,null,100,null,"нет","Афиногентова Ангелина Александровна"]
[16,"Гладенкова","Регина","Максимовна","Ж","нет",8,8,13,null,null,100,null,"нет","Страхова Светлана Александровна"]
[17,"Кондратьева","Камилла","Вадимовна","Ж","нет",8,8,13,null,null,100,null,"нет","Степанов Бронислав Анатольевич"]
[18,"Макарова","Диана","Алексеевна","Ж","нет",8,8,11,null,null,100,null,"нет","Зарипова Диляра Равилевна"]
[19,"Муллин","Арсений","Дмитриевич","М","нет",8,8,11,null,null,100,null,"нет","Бутов Константин Павлович"]
[20,"Нестерова","Милана","Максимовна","Ж","нет",8,8,4,null,null,100,null,"нет","Салихова Екатерина Александровна"]

{"sheet":"9 кл","index":1,"n_rows":13,"n_cols":15,"rows_kept":13,"merged":[[0,0,0,14]]}
["Протокол по итогам муниципального этапа ВсОШ по предмету \"Право\" Нижнекамского муниципального района 2021-2022 учебный год"]
["№","Фамилия","Имя","Отчество","Пол","Участник с ОВЗ (да/нет)","Класс обучения","Класс участия","Балл","Добавлено баллов по итогам апелляции","Итоговый балл","Максимальный балл","Статус","Призёр республиканского этапа прошлого года","ФИО учителя"]
[1,"Миннахметова","Наиля","Булатовна","Ж","нет",9,9,41,null,null,100,null,"нет","Муратова Лариса Миншаеховна   "]
[2,"Терешина","Владислава","Дмитриевна","Ж","нет",9,9,35,null,null,100,null,"нет","Афиногентова Ангелина Александровна"]
[3,"Илюхина","Дарья","Константиновна","Ж","нет",9,9,34,null,null,100,null,"нет","Мигранова Ольга Романовна"]
[4,"Лебедева","Вероника","Андреевна","Ж","нет",9,9,34,null,null,100,null,"нет","Колчин Максим Александрович"]
[5,"Муллина","Дарья","Владимировна","Ж","нет",9,9,25,null,null,100,null,"нет","Имамиева Фания Ильсуровна"]
[6,"Радивилов","Глеб","Владимирович","М","нет",9,9,25,null,null,100,null,"нет","Имамиева Фания Ильсуровна"]
[7,"Григорьева","Полина","Артемовна","Ж","нет",9,9,24,null,null,100,null,"нет","Жумагалеева Вероника Жундыгалеевна"]
[8,"Гафуров ","Салават","Айратович","М","нет",9,9,24,null,null,100,null,"нет","Валиева Елена Анатольевна"]
[9,"Сайфутдинов","Динар","Ришатович","М","нет",9,9,23,null,null,100,null,"нет","Фунтикова Энза Николаевна"]
[10,"Арсланов","Дамир","Рустамович","М","нет",9,9,22,null,null,100,null,"нет","Зарипова Диляра Равилевна"]
[11,"Антипова","Полина","Ильинична","Ж","нет",9,9,15,null,null,100,null,"нет","Ильина Ксения Александровна"]

{"sheet":"10 кл","index":2,"n_rows":31,"n_cols":15,"rows_kept":31,"merged":[[0,0,0,14]]}
["Протокол по итогам муниципального этапа ВсОШ по предмету \"Право\" Нижнекамского муниципального района 2021-2022 учебный год"]
["№","Фамилия","Имя","Отчество","Пол","Участник с ОВЗ (да/нет)","Класс обучения","Класс участия","Балл","Добавлено баллов по итогам апелляции","Итоговый балл","Максимальный балл","Статус","Призёр республиканского этапа прошлого года","ФИО учителя"]
[1,"Нигметзянов","Адель","Ильдарович","М","нет",10,10,39,null,null,100,null,"нет","Ильина Ксения Александровна"]
[2,"Абдуллин","Данияр","Зуфарович","М","нет",10,10,27,null,null,100,null,"нет","Ильясов Айнур Ильясович"]
[3,"Красильников","Владимир","Сергеевич","М","нет",10,10,21,null,null,100,null,"нет","Биряльцева Евгения Витальевна"]
[4,"Тузеева","Анастасия","Юрьевна","Ж","нет",10,10,20,null,null,100,null,"нет","Степанов Бронислав Анатольевич"]
[5,"Гильфанов","Тимур","Айдарович","М","нет",10,10,19,null,null,100,null,"нет","Ахметзянова Ольга Евгеньевна"]
[6,"Еланская","Полина","Андреевна","Ж","нет",10,10,17,null,null,100,null,"нет","Обуховская Ирина Николаевна"]
[7,"Игнашина","Полина","Юрьевна","Ж","нет",10,10,17,null,null,100,null,"нет","Савельева Ольга Ивановна"]
[8,"Назмутдинова","Аделина","Айратовна","Ж","нет",10,10,17,null,null,100,null,"нет","Ахмерова Динара Рафиковна"]
[9,"Садыков","Ренат","Маратович","М","нет",10,10,17,null,null,100,null,"нет","Ахметзянова Ольга Евгеньевна"]
[10,"Сушилова","Екатерина","Максимовна","Ж","нет",10,10,17,null,null,100,null,"нет","Лаврентьева Ольга Владимировна"]
[11,"Кашапова","Аделина","Ильдаровна","Ж","нет",10,10,16,null,null,100,null,"нет","Пустоплеснова Ольга Олеговна"]
[12,"Мугинов","Камиль","Наилевич","М","нет",10,10,16,null,null,100,null,"нет","Ахметзянова Ольга Евгеньевна"]
[13,"Антропова","Екатерина","Дмитриевна","Ж","нет",10,10,15,null,null,100,null,"нет","Фунтикова Энза Николаевна"]
[14,"Багдасарян","Артём","Ваноевич","М","нет",10,10,14,null,null,100,null,"нет","Пустоплеснова Ольга Олеговна"]
[15,"Арчибасова","Екатерина","Андреевна","Ж","нет",10,10,13,null,null,100,null,"нет","Обуховская Ирина Николаевна"]
[16,"Музафарова","Элиана","Ринатовна","Ж","нет",10,10,13,null,null,100,null,"нет","Митрофанова Ю.А."]
[17,"Мукминова","Влада","Александровна","Ж","нет",10,10,12,null,null,100,null,"нет","Ляхова Галина Анатольевна"]
[18,"Агафонова","Кира","Евгеньевна","Ж","нет",10,10,11,null,null,100,null,"нет","Степанов Бронислав Анатольевич"]
[19,"Камшилов","Роберт","Сергеевич","М","нет",10,10,11,null,null,100,null,"нет","Ахмерова Динара Рафиковна"]
[20,"Кузнецова","Анастасия","Павловна","Ж","нет",10,10,10,null,null,100,null,"нет","Бобкова Светлана Васильевна"]
[21,"Cидорова ","Авелина","Александровна","Ж","нет",10,10,9,null,null,100,null,"нет","Маслова Ирина Евгеньевна"]
[22,"Гатауллин","Аяз","Айратович","М","нет",10,10,9,null,null,100,null,"нет","Ахметзянова Ольга Евгеньевна"]
[23,"Миннигалиева","Аделя","Ралифовна","Ж","нет",10,10,8,null,null,100,null,"нет","Пустоплеснова Ольга Олеговна"]
[24,"Гайфиев","Айдар","Дамирович","М","нет",10,10,7,null,null,100,null,"нет","Митрофанова Ю.А."]
[25,"Гарипова","Элина","Руслановна","Ж","нет",10,10,7,null,null,100,null,"нет","Жумагалеева Вероника Жундыгалеевна"]
[26,"Абрамов","Никита","Сергеевич","М","нет",10,10,5,null,null,100,null,"нет","Биряльцева Евгения Витальевна"]
[27,"Гайнуллин","Рамин","Расихович","М","нет",10,10,5,null,null,100,null,"нет","Галикеев Нияз Наилевич"]
[28,"Тураева","Алина","Марселевна","Ж","нет",10,10,5,null,null,100,null,"нет","Ляхова Галина Анатольевна"]
[29,"Абдрашитова","Зухра","Ильдаровна","Ж","нет",10,10,4,null,null,100,null,"нет","Муратова Лариса Миншаеховна   "]

{"sheet":"11 кл","index":3,"n_rows":28,"n_cols":15,"rows_kept":28,"merged":[[0,0,0,14]]}
["Протокол по итогам муниципального этапа ВсОШ по предмету \"Право\" Нижнекамского муниципального района 2021-2022 учебный год"]
["№","Фамилия","Имя","Отчество","Пол","Участник с ОВЗ (да/нет)","Класс обучения","Класс участия","Балл","Добавлено баллов по итогам апелляции","Итоговый балл","Максимальный балл","Статус","Призёр республиканского этапа прошлого года","ФИО учителя"]
[1,"Вихарев","Марат","Андреевич","М","нет",11,11,55,null,null,100,null,"нет","Ильясов Айнур Ильясович"]
[2,"Голованова","Дарья","Александровна","Ж","нет",11,11,39,null,null,100,null,"нет","Кириллова Юлия Анатольевна"]
[3,"Мухамедшина"," Эльвина","Мансуровна","Ж","нет",11,11,34,null,null,100,null,"нет","Шакирова Эндже Каримовна"]
[4,"Левин","Илья","Ильич","М","нет",11,11,34,null,null,100,null,"нет","Сорокина Екатерина Анатольевна"]
[5,"Кикнадзе","Артур","Витальевич","М","нет",11,11,32,null,null,100,null,"нет","Ахмерова Динара Рафиковна"]
[6,"Зайцев","Евгений","Владимирович","М","нет",11,11,26,null,null,100,null,"нет","Бурмистрова Екатерина Александровна"]
[7,"Елисеев","Иван","Сергеевия","М","нет",11,11,25,null,null,100,null,"нет","Жумагалеева Вероника Жундыгалеевна"]
[8,"Зиганшин","Тимур","Алмазович","М","нет",11,11,24,null,null,100,null,"нет","Юганова Евгения Михайловна"]
[9,"Бариев","Эмиль","Ринатович","М","нет",11,11,20,null,null,100,null,"нет","Мингазова Елена Викторовна"]
[10,"Парфенов","Данил","Александрович","М","нет",11,11,19,null,null,100,null,"нет","Ляхова Галина Анатольевна"]
[11,"Садыков","Адель","Маратович","М","нет",11,11,19,null,null,100,null,"нет","Ахмерова Динара Рафиковна"]
[12,"Большакова","Анастасия","Кирилловна","Ж","нет",11,11,15,null,null,100,null,"нет","Мингазова Елена Викторовна"]
[13,"Галимова","Азалия","Ильдаровна","Ж","нет",11,11,15,null,null,100,null,"нет","Халиуллина Альзира Александровна"]
[14,"Гурьянова","Арина","Александровна","Ж","нет",11,11,14,null,null,100,null,"нет","Бурмистрова Екатерина Александровна"]
[15,"Усманов","Данис","Анатольевич","М","нет",11,11,14,null,null,100,null,"нет","НикитинаЛюдмила Александровна"]
[16,"Спиридонова","Диана","Станиславовна","Ж","нет",11,11,13,null,null,100,null,"нет","Мельников А.А."]
[17,"Волостнова ","Ольга ","Антоновна","Ж","нет",11,11,11,null,null,100,null,"нет","Скрипко Елена Владимировна"]
[18,"Семенов","Савелий","Александрович","М","нет",11,11,11,null,null,100,null,"нет","Лаврентьева Ольга Владимировна"]
[19,"Граханцева","Дарья","Александровна","Ж","нет",11,11,10,null,null,100,null,"нет","Валиева Елена Анатольевна"]
[20,"Долгова","Мария","Павловна","Ж","нет",11,11,10,null,null,100,null,"нет","Султанов Радик Ибрагимович"]
[21,"Ивыгина","Лилия","Дмитриевна","Ж","нет",11,11,9,null,null,100,null,"нет","Сорокина Екатерина Анатольевна"]
[22,"Моисеев ","Рахман","Газизович","М","нет",11,11,9,null,null,100,null,"нет","Мельников А.А."]
[23,"Петрова","Екатерина","Ивановна","Ж","нет",11,11,8,null,null,100,null,"нет","Бабакаева Вероника Владимировна"]
[24,"Тукеев","Кирилл","Евгеньевич","М","нет",11,11,7,null,null,100,null,"нет","Ахмерова Динара Рафиковна"]
[25,"Дементьев","Денис","Евгеньевич","М","нет",11,11,3,null,null,100,null,"нет","Ляхова Галина Анатольевна"]
[26,"Васильева","Карина","Алексеевна","Ж","нет",11,11,0,null,null,100,null,"нет","Ельцова Ирина Викторовна"]